| 000 | 00605nam a2200217Ii 4500 | ||
|---|---|---|---|
| 001 | 17521 | ||
| 003 | CO-ViMGA | ||
| 008 | 241108s9999||||xx |||||||||||||| ||und|| | ||
| 020 | _a842613064X | ||
| 040 |
_aCO-ViMGA _bspa _erda _cCO-ViMGA |
||
| 041 | 0 | _aspa | |
| 084 | _aC BAN4 | ||
| 100 | 1 |
_aHelen Bannerman _947712 |
|
| 245 | 1 | 0 | _aLa historia del pequeño Bábachi |
| 264 | 1 | _aMadrid, España : Juventud, 2005 | |
| 300 | _avolumen | ||
| 336 |
_atext _btxt _2rdacontent |
||
| 337 |
_aunmediated _bn _2rdamedia |
||
| 338 |
_avolume _bnc _2rdacarrier |
||
| 940 | _aidficha_siabuc: 17185. -- ficha_no_siabuc:17521 | ||
| 999 |
_c42315 _d42315 |
||